000 01020nas a2200289 4500
001 BR9505753
003 BR-BrBNA
005 20231205094435.0
007 ta
008 230509b bl.|||p| |||| 00| 00por d
040 _aBR-BrBNA
_bpor
_cBiblioteca Nacional de Agricultura
041 _a(Pt)
072 _aF30
100 1 _aNunes, R. de P.
100 1 _aPaula, P.H.F. de
100 1 _aOliveira, J.P. de
100 1 _aMoreira, J.A.N.
100 1 _aSilva, F.P. da
245 1 _aMelhoramento genetico do algodao "Moco", Gossypium hirsutum Marie Galante HUTCH., no Estado do Ceara, Brasil. 2. Comportamento dos tipos locais em comparacao com as variedades melhoradas na zona do sertao central do estado. (Aspectos tecnologicos da fibra)
650 _aAlgodao Moco
650 _aFibra
650 _aMelhoramento Genetico Vegetal
650 _aCeara
773 0 _tCiencia Agronomica (Brazil)
_x
_g(Dec 1971), v. 1(2) p. 101-104
_wBR9505753
909 _a202311
_bLúcia
_c55
_dLúcia Elande
942 _2AGRIS
_n0
_cANA
999 _c144335
_d144335